Top 15 biggest land animals - Statistics

General Stats
  • This quiz has been taken 22 times
  • The average score is 5 of 15
Answer Stats
Hint Answer % Correct
6 giraffe
80%
2 asian elephant
50%
5 hippopotamus
50%
11 polar bear
50%
1 african bush elephant
45%
10 brown bear
45%
3 white rhinoceros
40%
7 black rhinoceros
35%
13 moose
35%
8 american bison
30%
12 water buffalo
30%
4 indian rhinoceros
25%
9 gaur
20%
15 giant eland
10%
14 wild yak
0%
No matching quizzes found
Score Distribution
Percent of People with Each Score
Percentile by Number Answered
Your Score History
You have not taken this quiz